000 00265nam a22001217a 4500
008 170411b xxu||||| |||| 00| 0 eng d
041 _aeng
080 _a612.39
100 _a9
101 _aSHM
245 _aA MANUAL OF SOIL FUNGI
_cGILMAN, J.C
942 _2udc
_cBK
999 _c10317
_d10317